000 003230000a22001450004500
003 MACL
040 _aMACL
090 _c5856
_d5855
100 _aRout, R. K.
245 _aLibrary Legislation in India
260 _bReliance Publishing House
_c1986
350 _a225
650 _aLibrary & Information
942 _cBOOK
_k020
999 _c5813
_d5813